Quizzes
Events
Quiz Creation
Community
Videos
Private Events
Remove Ads
Sign In
Join for FREE
Feedback
Dark Mode
Quiz Categories
Sports
Geography
Music
Movies
Television
Just For Fun
Miscellaneous
History
Literature
Language
Science
Gaming
Entertainment
Religion
Holiday
For Kids
Quiz Lab
Recent
Popular Today
Quiz Kudos Today
Editor Picks
Curator Picks
Quizzes by...
Day
Popularity
Type
Ratings
Length
Year
Community
Subscriptions
Recent Discussions
Orange Saloon
Badges
Playlists
Quests
Create
Leaderboards
Showdown
Live 5
Trivia Bingo
Activity
Puzzle Library
Sporcle Events
Private Events
Virtual Trivia
Globe League
Become a Host
Pub Owners
SporcleCon
Opinionation
Our Games
Videos
Blog
Mobile Apps
Partnerships
Remove Ads and Go Orange
Feedback
Sports
Athletes
MLB
NBA
NHL
NFL
Soccer
Sports Teams
WWE
NCAA
Football
Premier League
Basketball
Baseball
Hockey
Golf
Tennis
Cricket
Rugby
Auto Racing
Olympics
World Cup
Sports
Athletes
MLB
NBA
NHL
NFL
Soccer
Sports Teams
WWE
NCAA
Football
Premier League
Basketball
Baseball
Hockey
Golf
Tennis
Cricket
Rugby
Auto Racing
Olympics
World Cup
Random Quiz
Search Sporcle
×
Quiz Lab
Quiz Lab
Sports
Numbers
Type in answers that appear in a list
Type in answers that appear in a list
Classic
Best Score? Go Orange.
Clubs Arsenal Played at Highbury Stats
Can you name the Clubs Arsenal Played at Highbury?
By
SporcleEXP
15m
146 Questions
1,025 Plays
1,025 Plays
1,025 Plays
Comments
Comments
Give Quiz Kudos
Give Quiz Kudos
-
- Ratings
hide this ad
Replay
Link that replays current quiz
Next Quiz
Link to next quiz in quiz playlist
You Got
0%
They Got
Avg Score
47%
Avg Friend Score
Upgrade to see
Score Distribution
Jump to the score distribution portion of the page
Score
0/146
Timer
15:00
0
Plays Today
Number of Times Played
Opponent
% Correct
77
Manchester United
98.2%
82
Liverpool
97.3%
68
Tottenham Hotspur
96%
75
Chelsea
95.7%
83
Everton
94.7%
66
Manchester City
94.2%
79
Aston Villa
92.5%
63
Newcastle United
89.8%
54
West Ham United
89.8%
20
Cardiff City
87.7%
54
Sunderland
86.5%
4
Swansea City
85.8%
Real Madrid
85%
50
Bolton Wanderers
84.3%
52
Birmingham City
83.8%
1
Inter Milan
83.3%
42
Blackburn Rovers
82.7%
55
West Bromwich Albion
82.6%
4
Ajax
82.3%
19
Fulham
82%
41
Southampton
81.8%
3
Juventus
81.7%
51
Wolverhampton Wanderers
81.1%
30
Portsmouth
80.2%
2
Bayern Munich
80.2%
25
Norwich City
79.8%
47
Middlesbrough
78%
58
Leeds United
76.9%
44
Sheffield United
76.9%
51
Sheffield Wednesday
76.5%
44
Nottingham Forest
76.1%
28
Ipswich Town
74.5%
48
Derby County
74%
22
Queens Park Rangers
74%
40
Stoke City
73.9%
27
Charlton Athletic
73.8%
2
Wigan Athletic
73.1%
54
Leicester City
72.6%
4
Hull City
70.7%
1
AC Milan
70.5%
36
Blackpool
69.9%
17
Crystal Palace
69.9%
40
Burnley
68%
14
Wimbledon
67.8%
1
Benfica
66%
37
Coventry City
65.3%
2
PSV Eindhoven
65%
2
Reading
63.2%
8
Watford
62.6%
Number of Times Played
Opponent
% Correct
7
Barnsley
61.2%
2
Valencia
61%
1
Paris St. Germain
60.2%
10
Notts County
60%
1
AS Roma
59.5%
6
Bristol City
58.5%
3
Swindon Town
57.6%
30
Preston North End
57.4%
6
Brighton & Hove Albion
57.1%
1
Olympique Lyonnais
57%
2
Sparta Prague
56.9%
5
Millwall
56.3%
8
Oldham Athletic
55.6%
36
Huddersfield Town
55.4%
1
Bristol Rovers
54.3%
18
Luton Town
53.4%
1
Anderlecht
53%
2
Lazio
52.4%
5
Oxford United
52.2%
4
Plymouth Argyle
52.1%
1
Sporting Lisbon
51.2%
7
Bradford City
47.6%
1
Dynamo Kiev
46.6%
5
Brentford
45%
3
Gillingham
44.3%
1
AFC Bournemouth
43.7%
1
Borussia Dortmund
43.5%
3
Panathinaikos
43.4%
1
Tranmere Rovers
43%
3
Clapton
42.2%
3
Carlisle United
40.7%
2
Port Vale
38.9%
1
Sampdoria
38.4%
2
Doncaster Rovers
38%
1
Cambridge United
38%
2
Spartak Moscow
37.4%
1
Bayer Leverkusen
35%
1
Villarreal
34.5%
8
Bury
34.4%
2
Hartlepool United
34.3%
2
Northampton Town
34.3%
1
York City
34%
1
FK Austria
34%
2
Walsall
33.9%
1
Colchester United
33.8%
1
Chester City
33.7%
4
Rotherham United
33.6%
1
Schalke 04
33.2%
13
Grimsby Town
32.4%
Number of Times Played
Opponent
% Correct
1
Standard Liege
32.4%
2
Lincoln City
31.5%
1
Werder Bremen
31.3%
1
Fenerbahce
30.1%
2
Deportivo La Coruna
29.7%
1
Farnborough Town
29.3%
1
Rosenborg
27.1%
1
RC Lens
25.8%
2
Auxerre
25.6%
1
FC Thun
25.4%
1
Rochdale
25.2%
1
Grasshoppers (Zurich)
25%
1
Shrewsbury Town
24.8%
2
Stockport County
24.7%
1
Brondby
24.5%
1
Torino
24.1%
1
Shakhtar Donetsk
24%
1
Lokomotiv Moscow
23.6%
1
PAOK Salonika
21.6%
1
Red Star Belgrade
21.5%
2
Hereford United
21%
1
Mansfield Town
19.9%
1
KFC Winterslag
19.7%
1
Borussia Monchengladbach
19.6%
1
FC Nantes
19.4%
1
Celta Vigo
18.7%
4
Bradford Park Avenue
18%
1
FC Cologne
16.9%
2
Leeds City
16.3%
1
Real Mallorca
15.4%
1
Sturm Graz
14.8%
1
Glentoran
14%
1
Hajduk Split
11.6%
1
Odense Boldklub
11.3%
1
Bedford Town
6%
2
Glossop North End
5.2%
1
Darwen
4.8%
1
Omonia Nicosia
4.8%
1
Merthyr Town
4.7%
1
Magdeburg
4.6%
1
Lokomotiv Leipzig
4.1%
1
Rouen
3.2%
1
IFK Gothenberg
3%
1
Royal Liege
3%
1
Beveren Waas
1.9%
1
Dinamo Bacau
1.7%
1
Stromgodset
1.1%
1
Staevent
0.7%
Quiz Playlist
Details
Report
Send in Message
Add To Playlist
Classic:
Type in answers that appear in a list
Last Updated: Dec 21, 2018
Quiz Scoreboard
CHALLENGE
Sign Up to Join the Scoreboard
Show All
Scores
Hide
Comments
May contain spoilers
Recently Published
College Basketball Coaching Resumes
by pancakes188
Sports
9m
Billboard Blitz: Fleetwood Mac
by CooCooCachoo
Music
15s
Presidents Visiting Landmarks
by Hejman
History
7m
More to Explore
Quiz From the Vault
Featured Blog Post
Where Did the Easter Bunny Come From?
hide this ad
You Might Also Like...
Tags
Numbers Quiz
Arsenal
club
Nationality
opponent
Today's Top Quizzes in Sports
Browse Sports
hide this ad
Today's Top Quizzes in Numbers
Browse Numbers
Top Contributed Quizzes in Sports
1
2022 World Cup Stars
2
Les meilleurs buteurs des matchs entre le PSG et l’OM
3
FIFA Club World Cup Champions
4
Les entraîneurs de l'OM et du PSG au 21e siècle
5
Criteria MLB: Left Handed Sluggers
6
AFC Teams Reveal (Wrong Answers Minefield)
7
5-to-1: UK Sports Teams
8
5-to-1: FBS Animal Nicknames
9
2023 MLB Unique Player Accomplishments
10
Name the Premier League winners with different clubs
Explore More
Trending Topics
NBA
Crossword
Kpop
Harry Potter
Anime
Disney
Marvel
Country
Soccer
Pokémon
Puzzle
WWE
Song
NFL
The Office
hide this ad
More By:
SporcleEXP
Quiz
Plays
Rating
Category
Featured
Created
Harry Potter Deaths in Order Minefield
3,068,348
4.18
Literature
Jan 27, 2016
Sins, Dwarfs, and Spice Girls
847,278
4.42
Just For Fun
Apr 11, 2012
Ancient History Bunker
708,134
4.28
History
Jan 20, 2014
Movie Posters VI
679,026
4.37
Movies
Nov 12, 2010
Movie Posters VII
621,857
4.44
Movies
Apr 16, 2011
Go to Creator's Profile
Score Distribution
Quiz Creator Spotlight
SporcleEXP
Follow
Send a Message
Quizzes Created
-
Created Quiz Play Count
-
More By This Creator
Popular Quizzes Today
1
Find the US States - No Outlines Minefield
2
Find the Countries of Europe - No Outlines Minefield
3
The Countries of the World
4
Find the US States
5
Risky Map Clicking: Biggest States A-Z
6
US States
7
Popular People in 1961
8
Movies - When Are They Set?
More Sports Quizzes
FC Barcelona's Number 4's
Quiz Lab
Trending Quizzes
Risky Map Clicking: Least Populous States A-Z
1-10 Letter G Words
1-10 Letter F Words
Risky Map Clicking: Next State Alphabetically
Risky Map Clicking: Biggest States A-Z
Recently Updated
Leaping Animals
pecheneg
Reality TV Shows (A-Z)
bhenderson79
Rickey Henderson's Hall of Fame Teammates
pecheneg
Champions League XIs: Arsenal
pecheneg
Quick Pick: Celebrities in WWE's Hall of Fame
aduchscher
A-Z Keypad Blitz II
pecheneg
Multiple Oscar Actors
pecheneg
Mystery Phrase Blitz: Oscar 'Best Actors'
pecheneg
F. Scott Fitzgerald Novels
LTH
Pick 3 Villains
ddd62291
Trending Topics
Harry Potter
NBA
Kpop
Disney
Crossword
Marvel
Anime
NFL
Country
WWE
The Office
Soccer
Pokémon
Song
Puzzle
Your Account Isn't Verified!
In order to create a playlist on Sporcle, you need to verify the email address you used during registration. Go to your
Sporcle Settings
to finish the process.
Report this User
Report this user for behavior that violates our
Community Guidelines
.
Details:
Send Report
Go to the Sporcle.com Mobile Site →
Comments